| 000 | 01006cam a2200373 a 4500 | ||
|---|---|---|---|
| 001 | 796097 | ||
| 003 | LC | ||
| 005 | 20160301102605.0 | ||
| 008 | 891120s1989 nyuab 000 1 eng | ||
| 010 | _a 89042785 | ||
| 020 |
_a9780394565613 _c$22.95 |
||
| 020 | _a0394565614 | ||
| 035 | _a(OCoLC)19921004 | ||
| 035 | _a(OCoLC)ocm19921004 | ||
| 035 | _a(CStRLIN)NYCG89-B82078 | ||
| 035 | _a(NNC)796097 | ||
| 040 |
_dCRc _dCBu _dCSmat _dNNC |
||
| 043 | _acc----- | ||
| 050 | 0 |
_aPS 3525.I19 _b.M623 1989 |
|
| 082 |
_aFIC _bM58c 1989 |
||
| 100 | 1 |
_aMichener, James A. _q(James Albert), _d1907-1997. _920124 |
|
| 245 | 1 | 0 |
_aCaribbean / _cJames A. Michener. |
| 250 | _a1st ed. | ||
| 260 |
_aNew York : _bRandom House, _cc1989. |
||
| 300 |
_axvi, 810 p. : _bill., maps ; _c18 cm. |
||
| 562 | _e1 | ||
| 650 |
_aFiction _9746 |
||
| 650 | _a Caribbean Area -- History -- Fiction. | ||
| 650 | _aCaribbean Area. | ||
| 650 | _aGeschichte. | ||
| 942 |
_2lcc _cBK |
||
| 999 |
_c11399 _d11399 |
||